សត្វព្រៃ (Record no. 9293)

000 -LEADER
fixed length control field 00267nam a22001217a 4500
040 ## - CATALOGING SOURCE
Transcribing agency HS
082 ## - DEWEY DECIMAL CLASSIFICATION NUMBER
Classification number 631
100 ## - MAIN ENTRY--AUTHOR NAME
Personal name ស៊ុន ហ៊ាន
245 ## - TITLE STATEMENT
Title សត្វព្រៃ
260 ## - PUBLICATION, DISTRIBUTION, ETC. (IMPRINT)
Place of publication RUA
Name of publisher ស៊ុន ហ៊ាន
Year of publication NA
300 ## - PHYSICAL DESCRIPTION
Number of Pages 64p;
942 ## - ADDED ENTRY ELEMENTS (KOHA)
Koha item type សៀវភៅភាសាខ្មែរ
952 ## - LOCATION AND ITEM INFORMATION (KOHA)
Withdrawn status [LOCAL, KOHA] 0
Holdings
Permanent Location Date acquired Koha item type Lost status Shelving location Barcode Current Location Full call number
Library Block C2016-08-30សៀវភៅភាសាខ្មែរ C191RUA043174Library Block C631 ស៊ុន NA C191
មជ្ឈមណ្ឌលឯការនៃសាកលវិទ្យាល័យភូមិន្ទកសិកម្មចំការដូង

Powered by Koha